00740nam a2200193 450000500170000001000150001702000260003203500140005803700090007208200150008124501050009625000060020126000400020727000740024730000200032194200260034199900190036795201600038620250617115342.0 aENG-145405 a9789361636080c500.00 aEN-128937 bDBAD a658.87221 aNavigating the Future:bUnveiling te Dynamics of Industry 5.0/cEdited By A. Mayil Murugan...[et.al] a1 aMaduraibShanlax Publicationsc2024 a61,66 Vasantha Nagar bMaduraie625003mshanlaxpublications@gmail.com a296p.c24cm(Pb) 2ddccENh658.872mNAV c211853d211853 001040718NFICaDBADbDBADd2025-06-17eDelivery of Books Act Divisiong500.00l0o658.872 NAVpEN-128937r2025-06-17 00:00:00t1v500.00w2025-06-17yEN